000
00309 a2200157 4500
001
47517
020
_a
8524301880
040
_c
Anchieta - Aquarius
100
_a
Carlson, Melody
240
1
0
_a
Bíblia
_l
por
245
1
0
_a
Bíblia
300
_a
223p.
362
0
_a
2001
650
4
_a
Religião
942
_c
BK
999
_c
47517
_d
47517